000
00326nam a22001337a 4500
008
170522b xxu||||| |||| 00| 0 eng d
020
_a
9780669354720
041
_a
eng
080
_a
94(7/8)
100
_a
16
101
_a
SHH
245
_a
MAJOR PROBLEMS IN THE HISTORY OF AMERICAN TECHNOLOGY
_c
SMITH, M.R
942
_2
udc
_c
BK
999
_c
13684
_d
13684